000 00357nam a2200133Ia 4500
008 240624s9999 xx 000 0 und d
041 _aeng
082 _a330.122 HAS
100 _aHASKEL JONATHAN
245 _aCAPITALISM WITHOUT CAPITAL THE RISE OF T
260 _c2018
_aNew Jersey
_bPrinceton University Press
300 _a278p. ;23cm.
365 _c
_b33
999 _c32575
_d32575